Central Library OPAC University of Rajshahi
Normal view MARC view

Entry Personal Name

Number of records used in: 5

001 - CONTROL NUMBER

  • control field: 811

003 - CONTROL NUMBER IDENTIFIER

  • control field: BD-RjUL

005 - DATE AND TIME OF LATEST TRANSACTION

  • control field: 20220119151157.0

008 - FIXED-LENGTH DATA ELEMENTS

  • fixed length control field: 220119|| aca||aabn | a|a d

040 ## - CATALOGING SOURCE

  • Original cataloging agency: BD-RjUL
  • Transcribing agency: BD-RjUL

100 ## - HEADING--PERSONAL NAME

  • Personal name: الفاخوري، حنا

670 ## - SOURCE DATA FOUND

  • Source citation: Work cat.: (BD-RjUL)79226: الفاخوري، حنا, الجاحظ /Al-Jahez, 1964